000 00234 a2200121 4500
020 _a9781933932719
041 _aeng
100 _aOsborne, Mary Pope
245 _aTornado en martes
500 _a
942 _cBK
999 _c11101
_d11101
999 _d11101